000 00744nam a2200217 a 4500
001 BRCA_7703
005 20190320205943.0
008 230813s1957----nyua######---#000-0#eng-#
041 _aeng
044 _anyu
050 4 _aRC584
_b.A45 1957
245 1 0 _aAllergy
_ba story of millions
_cThe Committe on Public Education of American Foundation for Allergic Diseases.
260 _aEstados Unidos
_bThe Public Affairs Committee, Inc.
_c1957
300 _a28 p.
_bil.
_c18 cm.
440 0 _aPublic Affairs pamphlet
_v253
_919036
500 _aU40
650 1 4 _aAlergias
_vEstudio de caso
_zEstados Unidos
_919037
710 2 _aThe Committe on Public Education of American Foundation for Allergic Diseases
_919038
902 _aGFM
942 _2lcc
_cB
999 _c7377
_d7377